| 000 | 00747cam a2200253 4500500 | ||
|---|---|---|---|
| 005 | 20260405003534.0 | ||
| 041 | _afre | ||
| 042 | _adc | ||
| 100 | 1 | 0 |
_aRobert, Joséphine _eauthor |
| 245 | 0 | 0 | _aPenser l’émancipation. Dialogue avec Aliocha Wald Lasowski |
| 260 | _c2022. | ||
| 500 | _a28 | ||
| 690 | _aAlthusser | ||
| 690 | _aÉmancipation | ||
| 690 | _aEsthétique | ||
| 690 | _aJacques Rancière | ||
| 690 | _aLittérature | ||
| 690 | _aOuvrier | ||
| 690 | _aPolitique | ||
| 690 | _aRancière | ||
| 690 | _aStructuralisme | ||
| 786 | 0 | _nPhilosophie magazine | 161 | 8 | 2022-07-01 | p. 61-61 | 1951-1787 | |
| 856 | 4 | 1 | _uhttps://shs.cairn.info/magazine-philosophie-magazine-2022-8-page-61?lang=fr&redirect-ssocas=7080 |
| 999 |
_c2068505 _d2068505 |
||